Skład Odry Opole - Sezon 25/26 Betclic 1 Liga - Statystyki

Ogólne statystyki
  • Ten quiz został rozwiązany 14 razy
  • Średni wynik to 17 z 29
Statystyki odpowiedzi
Numer Narodowość Wiek Piłkarz % Poprawnych
3 Czechy 30 Jiri Piroch
100%
23 Polska 20 Adam Wójcik
75%
30 Polska 30 Artur Haluch
75%
9 Luksemburg 28 Edvin Muratovic
75%
31 Polska 33 Mateusz Abramowicz
75%
14 Czechy 33 Tomas Prikryl
75%
52 Brazylia 26 Cassio
67%
20 Polska 31 Damian Tront
67%
Polska Jarosław Skrobacz
67%
11 Salwador 27 Joshua Perez
67%
8 Brazylia 30 Lucas Ramos
67%
7 Chorwacja 32 Mato Milos
67%
13 Polska 28 Adrian Purzycki
58%
24 Polska 28 Jakub Szrek
58%
19 Polska 32 Kacper Przybyłko
58%
94 Polska 31 Konrad Nowak
58%
70 Polska 27 Szymon Kobusiński
58%
77 Polska 19 Szymon Szkliński
58%
4 Polska 26 Adam Chrzanowski
50%
10 Polska 26 Adrian Łyszczarz
50%
90 Polska 23 Daniel Dudziński
50%
26 Polska 28 Filip Kendzia
50%
33 Polska 19 Filip Kupczyk
50%
6 Polska 22 Jakub Pochcioł
50%
22 Polska 27 Mateusz Spychała
50%
18 Polska 19 Szymon Mida
50%
12 Polska 18 Cezary Glomb
42%
47 Polska 19 Marcel Białowąs
42%
17 Polska 29 Jakub Bartosz
25%
Nie znaleziono quizów pasujących do podanych kryteriów
Rozkład punktacji
Procent ludzi z każdym wynikiem
Percentyl według liczby udzielonych odpowiedzi
Twoja historia wyników
Nie rozwiązałeś tego quizu